| 000 | 00445nam a2200145Ia 4500 | ||
|---|---|---|---|
| 008 | 190926s9999||||xx |||||||||||||| ||und|| | ||
| 020 | _a817081183X | ||
| 082 |
_a242 _bNEE/S |
||
| 100 | _aNeelKantha | ||
| 245 | 0 | _aSriman Maha Bharatam: Part: 1st; 1-Adi Parva 2-Sabha Parva | |
| 250 | _a1 | ||
| 260 |
_aDelhi _bNag Publishers _c1988 |
||
| 300 | _a562 | ||
| 942 | _cBK | ||
| 999 |
_c8237 _d8237 |
||